| 000 | 00654nam a22002417a 4500 | ||
|---|---|---|---|
| 001 | 3456 | ||
| 003 | FISKH | ||
| 005 | 20250326123546.0 | ||
| 008 | 240307b cb ||||| |||| 00| 0 eng d | ||
| 040 |
_aFISK _beng _cFISK _dFISK |
||
| 050 | _aPQ9698.O3546 | ||
| 082 | _a813 | ||
| 100 |
_aCoelho Paulo _d1947- |
||
| 245 |
_aEleven minutes / _cPaulo Coelho |
||
| 260 |
_aAustralia : _bHarperCollins, _c2004 |
||
| 300 |
_a231 pages : _c21 cm |
||
| 505 | _aM | ||
| 520 | _aOriginal in Portuguese title: Once minutos ; translated from English. | ||
| 521 | 8 |
_aestimates, _bLexiles |
|
| 700 | _aPaulo Coelho | ||
| 942 |
_2ddc _cBK _n0 |
||
| 999 |
_c3456 _d3456 |
||